000 01297nam0a22002891 4500
001 rc\1393930
005 20260406085035.0
035 _a(NLR Aleph) 005288716
090 _a6168832
_c6168832
100 _a20060512d1869 |||y0rusy50 ca
101 0 _arus
102 _aRU
105 _aa z |||||
200 1 _aМатериалы для вопроса о голодании
_eРабота, представл. для получения степени д-ра мед. Вячеславом Массеиным, орд. Терапевтич. клиники проф. С.П. Боткина
210 _aСанкт-Петербург
_cтип. Имп. Акад. наук
_d1869
215 _a[4], 108 с., 15 л. табл.
_cил.
_d24
320 _aБиблиогр. в примеч.
700 1 _7ca
_8rus
_aМанассеин
_bВ. А.
_f1841-1901
_gВячеслав Авксентьевич
_9108018
_3RU\NLR\AUTH\77125093
702 1 _4570
_7ca
_8rus
_aБоткин
_bС. П.
_f1832-1889
_gСергей Петрович
_936751
_3RU\NLR\AUTH\7753819
801 0 _aRU
_bNLR
_c20060512
_gpsbo
801 0 _aRU
_bRuMoRGB
_c20060512
_2psbo
801 1 _aRU
_bProSoft-M
_c20060512
_2rusmarc
801 2 _aRU
_bNLR
_c20130805
_2rusmarc
852 _aNLR
_j18.48.3.19
852 _aNLR
_j127/1571
942 _cBOOK
980 _aNB